Statystyki dla Polskie miasta na literę "D"

Kliknij tutaj aby rozwiązać quiz!

Ogólne statystyki

  • Ten quiz został rozwiązany 598 razy
  • Średni wynik to 5 z 11

Statystyki odpowiedzi

ludnośćmiasto% Poprawnych
118 300Dąbrowa Górnicza
88%
13 500Darłowo
63%
45 200Dębica
60%
15 900Dęblin
55%
32 800Dzierżoniów
45%
11 800Dąbrowa Tarnowska
38%
11 400Drawsko Pomorskie
38%
21 100Działdowo
38%
13 600Dębno
36%
10 000Drezdenko
17%
10 000Dobre Miasto
16%

Rozkład punktacji

Percentyl według liczby udzielonych odpowiedzi

Procent ludzi z każdym wynikiem

Twoja historia wyników

Nie rozwiązałeś tego quizu